Analýza správania konkurencie - cesta k jedinečnosti

Poznatky o konkurencii sú nevyhnutnou podmienkou trhového úspechu podnikateľských subjektov v súčasnom konkurenčnom období. Postavenie podniku voči konkurentom. Analýza správania konkurencie. Komponenty analýzy konkurenta.

Salvato in:
Dettagli Bibliografici
Autore principale: Ščepková, Jana
Natura: Capitolo di libro
Lingua:slovacco
Soggetti:
Tags: Aggiungi Tag
Nessun Tag, puoi essere il primo ad aggiungerne!!

MARC

LEADER 00000naa$a2200000$$$4500
001 0015843
005 20220810094250.3
041 0 |a slo 
044 |a SK 
245 1 0 |a Analýza správania konkurencie - cesta k jedinečnosti  |c Jana Ščepková 
520 |a Poznatky o konkurencii sú nevyhnutnou podmienkou trhového úspechu podnikateľských subjektov v súčasnom konkurenčnom období. Postavenie podniku voči konkurentom. Analýza správania konkurencie. Komponenty analýzy konkurenta. 
610 2 0 |a konkurencia 
610 2 0 |a podnikatelia 
610 2 0 |a analýzy 
610 2 0 |a konkurencia trhová 
610 2 0 |a správanie organizačné 
610 2 0 |a stratégia marketingová 
100 1 |a Ščepková, Jana